000 00440nam a2200145 4500
008 0 1985 0a 000 0USA
020 _a007-04-7982-8
050 _aTJ260 O99 1985
082 _a621.402.2 O799h
100 _aOzisik, M. Necoti
245 _aHeat transfer : a basic approach / Necoti M. Ozisik
260 _aUnited State of America : McGraw-Hill
300 _axvi, 780 p. / 25 cm.
650 _a1.TRANSMISION DEL CALOR
999 _c19449
_d19449